[Event "AUS-ch Minor"]
[Site "Cammeray"]
[Date "2013.01.12"]
[Round "10"]
[White "Case, Ivan"]
[Black "Soliman, Soliman"]
[Result "1/2-1/2"]
[WhiteElo "1489"]
[BlackElo "1384"]
[PlyCount "102"]
[EventDate "2013.01.02"]
[EventType "swiss"]
[EventRounds "11"]
[EventCountry "AUS"]
[SourceTitle "EXT 2022"]
[Source "ChessBase"]
[SourceDate "2021.10.06"]
[SourceVersion "1"]
[SourceVersionDate "2021.10.06"]
[SourceQuality "1"]

1. e4 e5 2. Nf3 Nc6 3. d4 exd4 4. Bc4 h6 5. Nxd4 Ne5 6. Bb3 Nf6 7. 0-0 b6 8. f4 Nc6 9. e5 Ng8 10. Nxc6 dxc6 11. Bxf7+ Ke7 12. Qxd8+ Kxd8 13. f5 Bc5+ 14. Kh1 Ke7 15. Bh5 Ba6 16. Rd1 Rf8 17. Bg4 Bc8 18. e6 Nf6 19. Bf3 Rd8 20. Nc3 Bb7 21. Bf4 Bd6 22. Bxd6+ cxd6 23. Rd2 h5 24. Ne4 Nxe4 25. Bxe4 d5 26. Bf3 Rdf8 27. g4 hxg4 28. Bxg4 Rh4 29. h3 Rfh8 30. Kg1 c5 31. c3 Rd8 32. Rad1 d4 33. cxd4 cxd4 34. Rxd4 Rxd4 35. Rxd4 Bc6 36. Kf2 a5 37. Kg3 Rh8 38. h4 b5 39. a3 a4 40. h5 Be8 41. Kf4 Bxh5 42. Bxh5 Rxh5 43. Ke5 g6 44. Rd7+ Ke8 45. Rf7 gxf5 46. Rxf5 Rh2 47. Kd6 Rxb2 48. Kc6 b4 49. axb4 Rxb4 50. Ra5 Ke7 51. Kc5 Re4 1/2-1/2

[Event "AUS-ch Minor"]
[Site "Cammeray"]
[Date "2013.01.06"]
[Round "5"]
[White "Soliman, Soliman"]
[Black "Hannagan, Peter K"]
[Result "1-0"]
[WhiteElo "1384"]
[BlackElo "1518"]
[PlyCount "111"]
[EventDate "2013.01.02"]
[EventType "swiss"]
[EventRounds "11"]
[EventCountry "AUS"]
[SourceTitle "EXT 2022"]
[Source "ChessBase"]
[SourceDate "2021.10.06"]
[SourceVersion "1"]
[SourceVersionDate "2021.10.06"]
[SourceQuality "1"]

1. d4 d5 2. c4 dxc4 3. e4 b5 4. a4 c6 5. Nc3 Qb6 6. Be3 b4 7. d5 Qa5 8. Nb1 Nf6 9. Bxc4 Nxe4 10. f3 Nd6 11. Bb3 c5 12. Nd2 Ba6 13. Qc1 Nd7 14. Ne4 Nxe4 15. fxe4 Rc8 16. Bc4 Bxc4 17. Qxc4 Ne5 18. Qb5+ Qxb5 19. axb5 Rc7 20. Ke2 g6 21. Bf4 Bg7 22. Nf3 f6 23. h4 0-0 24. Nxe5 fxe5 25. Be3 Rb8 26. Ra5 Bf6 27. g3 Kg7 28. Rc1 Rbc8 29. b3 c4 30. Rxa7 Rxa7 31. Bxa7 Ra8 32. b6 c3 33. Kd3 g5 34. hxg5 Bxg5 35. Rc2 Rf8 36. Kc4 Be3 37. Kxb4 Bd4 38. Kb5 Rf2 39. Rc1 Rb2 40. Kb4 Rg2 41. Rxc3 Re2 42. Rc7 Rxe4 43. Kb5 Kf6 44. Rc4 Bxb6 45. Bxb6 Re2 46. Rc6+ Kf5 47. Re6 Rg2 48. Bc7 Rc2 49. Rxe5+ Kf6 50. Re6+ Kf7 51. Bf4 Rc8 52. b4 Rc2 53. Bg5 Rc7 54. Rxe7+ Rxe7 55. Bxe7 Kxe7 56. Kc6 1-0

[Event "AUS-ch Minor"]
[Site "Cammeray"]
[Date "2011.01.12"]
[Round "10"]
[White "Soliman, Soliman"]
[Black "Wilkie, Mary"]
[Result "0-1"]
[WhiteElo "1255"]
[BlackElo "1190"]
[PlyCount "100"]
[EventDate "2011.01.02"]
[EventType "swiss"]
[EventRounds "11"]
[EventCountry "AUS"]
[SourceTitle "EXT 2012"]
[Source "ChessBase"]
[SourceDate "2011.11.24"]
[SourceVersion "1"]
[SourceVersionDate "2011.11.24"]
[SourceQuality "1"]

1. e4 e5 2. Bc4 Nc6 3. Nf3 h6 4. Nc3 Nf6 5. a3 Be7 6. b4 0-0 7. Bb2 d6 8. d4 Bg4 9. d5 Bxf3 10. gxf3 Nd4 11. Na2 c5 12. dxc6 Nxc6 13. c3 a6 14. Qb3 b5 15. Bd5 Rc8 16. Ke2 Qb6 17. Rhg1 Nh5 18. Bc1 Nf4+ 19. Bxf4 exf4 20. Rg2 Bf6 21. Rag1 Ne5 22. h4 Kh8 23. h5 Rc7 24. Rc1 Rfc8 25. Rc2 Bh4 26. Rh2 Bf6 27. Rh3 Nc4 28. Bxc4 Rxc4 29. Rh1 Bd4 30. Kd3 Bxf2 31. Rxf2 Qxf2 32. Qb1 Qxf3+ 33. Kd2 Qe3+ 34. Kd1 Rxe4 35. Kc2 Qe2+ 36. Kb3 Qc4+ 37. Kb2 Re2+ 38. Ka1 f3 39. Rd1 d5 40. Rd4 Rxa2+ 41. Qxa2 Qxa2+ 42. Kxa2 Rxc3 43. Rxd5 f2 44. Rf5 Rc2+ 45. Kb3 Re2 46. Rxf7 Kg8 47. Rf3 Re3+ 48. Rxe3 f1Q 49. Re8+ Kf7 50. Ra8 Qf3+ 0-1

[Event "AUS-ch Minor"]
[Site "Cammeray"]
[Date "2011.01.09"]
[Round "7"]
[White "Dai, Victor"]
[Black "Soliman, Soliman"]
[Result "1-0"]
[WhiteElo "1124"]
[BlackElo "1255"]
[PlyCount "71"]
[EventDate "2011.01.02"]
[EventType "swiss"]
[EventRounds "11"]
[EventCountry "AUS"]
[SourceTitle "EXT 2012"]
[Source "ChessBase"]
[SourceDate "2011.11.24"]
[SourceVersion "1"]
[SourceVersionDate "2011.11.24"]
[SourceQuality "1"]

1. d4 d5 2. c4 e6 3. Nc3 dxc4 4. e4 Bb4 5. Bxc4 Ne7 6. Nge2 Nbc6 7. Be3 0-0 8. 0-0 a6 9. a3 Ba5 10. Bb3 b5 11. Bc2 Bb7 12. Qd3 Bb6 13. Rad1 g6 14. Bg5 f6 15. Bh6 Re8 16. Qh3 Nc8 17. Be3 Qe7 18. Nf4 Na5 19. b4 Nc4 20. Bb3 N8d6 21. Qf3 Kg7 22. Rfe1 f5 23. Bc1 Rab8 24. Bc2 Qf7 25. Qg3 fxe4 26. Nxe4 Nxe4 27. Bxe4 Bxe4 28. Rxe4 Rbd8 29. Rde1 Bxd4 30. Nxe6+ Rxe6 31. Rxe6 Rd7 32. Qh4 Bf6 33. Qh6+ Kg8 34. Re8+ Qxe8 35. Rxe8+ Kf7 36. Qf8# 1-0